000 00543nam a22001817a 4500
005 20251122162307.0
008 251122b |||||||| |||| 00| 0 eng d
020 _a9780415392365
050 _aTC160
_b.C47
100 _aChadwick, Andrew
245 _aHydraulics in Civil and Environmental Engineering
_cAndrew Chadwick, John Morfett & Martin Borthwick
250 _a4th ed.
260 _aUK
_bBookPower
_c2006
300 _axxx. 644p.
_bill.
_c23.5cm
700 _aMorfett, John
700 _aBorthwick, Martin
942 _2lcc
_cBK
_e4th ed.
_n0
999 _c8352
_d8352